000 00654nam a2200217 4500
001 12284
003 ES-MaACL
005 20240625125656.0
008 000000s1979 sp a ||||0| gao
020 _a84-7492-010-8
080 _a860-14"19"
080 _a869.9-14"19"
100 1 _aVarela, Lorenzo.
_9113141
245 1 0 _aHomaxes /
_cLorenzo Varela ; en ed. Cuco-Rei de Luis Seoane.
260 _a[Sada (La Coruña)] :
_bEdiciós do Castro,
_c1979.
300 _a101 p., 2 h :
_bil ;
_c23 cm.
546 _aTexto en castellano y gallego.
700 1 _aSeoane, Luis,
_d1910-1979
_9155119
852 _aES-MaACL
_jL-19571
999 _c12284
_d12284